Music Quiz

Random Music or Billboard Quiz

Choose the Only Four (Music) Quiz Stats

 Plays Quiz Updated Jul 26, 2015

Challenge
Share
Tweet
Embed
Score 0/48 Timer 07:00
14 Plays Today
% Correct
John
98.5%
Paul
98.5%
Ringo
98.1%
George
97.4%
Spotify
92.4%
Erica
90.5%
SoundCloud
90.4%
Armstrong
89.6%
Liam
88.7%
Angela
88.4%
Lollapalooza
88%
Harry
87.9%
Rita
87.5%
Sandra
86.9%
Glastonbury
86.1%
Mercury
86.1%
Vogue
85.2%
Sting
84.6%
Universal
82.9%
Coachella
82.5%
Sony
81.7%
EMI
77.9%
Niall
77.9%
Davis
77.8%
% Correct
Warner
77.5%
Pandora
75.3%
Louis
75%
Gillespie
73.2%
Erotica
71.5%
Happy
69.3%
Rdio
69.3%
Flea
69.1%
Holiday
68.2%
Roar
66.3%
Royals
62.5%
Taylor
61.5%
May
60.9%
Roskilde
60.2%
Baker
59.9%
Rehab
58%
Fallin'
55.2%
Twista
53.6%
Diplo
52.3%
Deacon
47.3%
Timber
45.7%
Smooth
42.3%
Music
42.3%
Daughters
26.7%

You're not logged in!

Compare scores with friends on all Sporcle quizzes.
Join for Free
OR
Log In

You Might Also Like...

Show Comments

Extras

Top Quizzes Today


Score Distribution

Your Account Isn't Verified!

In order to create a playlist on Sporcle, you need to verify the email address you used during registration. Go to your Sporcle Settings to finish the process.

Report this User

Report this user for behavior that violates our Community Guidelines.

Details: